000 01261nam a2200241Ia 4500
999 _c52455
_d52455
001 19478
003 GE_BSU
005 20230519122857.0
008 181216s1966||||ge |||||||||||||| ||geo||
020 _a1512-150X
040 _cGE_BSU
041 _ageo
080 _a811.353.1'01 ს-19
245 _aსაკითხავი წიგნი ძველ ქართულ ენაში = Книга для чтения по древнегрузинскому языку
_bნაწ. 2. ძველი ქართული ენის კათედრის შრომები:10 /
_cგამოსცა: ი.იმნაიშვილმა, რედაქტორი: ა.შანიძე.
264 _aთბილისი :
_bთბილისის უნივერსიტეტის გამოცემა,
_c1966.
300 _a 239 გვ. ;
_b 26 სმ.
541 _h10ლ.
653 _aძველი ქართული ენა
700 _aიმნაიშვილი, ი.
_eავტორი
_918139
700 _aიმნაიშვილი, ი.
_eრედაქტორი
_918139
700 _a შანიძე, აკაკი
_eრედაქტორი
_918140
942 _cBK
_2udc